000 01057nam a22001937a 4500
005 20260124093041.0
008 230712b ||||| |||| 00| 0 eng d
040 _cSSBUL
_dSSBUL
082 _223
_a၉၁၅.၉၁ ဘ ၁၆၀၄၁ (S-SAT)
100 0 _aဘသောင်း၊
_cဦး၊
_gဘီအေ။
_927840
245 1 0 _aရှုတိုင်းအောင်မြန်မာပြည်ပထဝီ /
_cဦးဘသောင်းဘီအေ၊ ဘာသာပြန်သူ‌ ‌ဒေါ်မြမြသန်း B.A.Ed။
250 _aတတိယအကြိမ်။
260 _aမန္တလေး၊
_bရဲရင့်စာပေ။
300 _a၄၅၈ စာမျက်နှာ၊
_bမြေပုံများ၊ ဓာတ်ပုံများ၊
_c၁၈ စင်တီ။
500 _aS-SAT: Dr. Prof Sai Aung Tun
650 _aဒေသန္တရပထဝီဝင်
_zမြန်မာနိုင်ငံ။
_927841
651 _aပထဝီဝင်ပညာ။
_927842
942 _2ddc
_cBK1
999 _c27096
_d27096